000 00720nam a2200253Ia 4500
003 OSt
005 20220925230648.0
006 a|||||r|||| 00| 0
007 ta
008 220923b |||||||| |||| 00| 0 eng d
020 _a1842775928
037 _cGeneral Book
040 _aRTL
_cRTL
_beng
041 _2eng
_aeng
082 _aU43.6.N, P5
100 _aAbdelghain Ed.
_9294112
245 0 _aUrban Africa
_b Changing contours of survival in the city
260 _aLondon
_bZed Books
_c2005
300 _ax,305p
_ccm.
490 _aAfrica in the New Millennium
500 _aBibliography Chapterwise
942 _hU43.6.N, P5
_cGB
_2CC
999 _c586307
_d586307